| 000 | 00399nam a2200169Ia 4500 | ||
|---|---|---|---|
| 008 | 221030s9999 xx 000 0 und d | ||
| 020 | _a8188057045 | ||
| 041 | _aEnglish | ||
| 082 |
_a105.23 _bVig |
||
| 100 | _aR. Vig | ||
| 245 | 0 | _aFundamentals of Database Management Systems | |
| 260 |
_bISTE _aNew Delhi _c2001 |
||
| 300 | _a6.55 | ||
| 650 | _aBE Computer | ||
| 700 | _aE. Walia | ||
| 942 | _cBK | ||
| 999 |
_c2710 _d2710 |
||